00893cam a22002534a 45000010009000000050017000090080041000260100017000670200039000840200036001230400013001590430012001720500021001841000024002052450091002292500012003202600040003323000045003725040051004176500045004686500053005136500052005667000021006181495704220170201102751.0070808s2008 maua b 001 0 eng  a 2007934813 a9780618894697 (student ed. : hbk.) a0618894691 (student ed. : hbk.) aDLCcDLC an-us---00aHD70 b.H55 20081 aHill, Charles W. L.10aStrategic management :ban integrated approach /cCharles W. L. Hill, Gareth R. Jones. a8th ed. aBoston :bHoughton Mifflin,cc2008. a1 v. (various pagings) :bill. ;c27 cm. aIncludes bibliographical references and index. 0aManagementzUnited StatesvCase studies. 0aStrategic planningzUnited StatesvCase studies. 0aBusiness planningzUnited StatesvCase studies.1 aJones, Gareth R.